| 000 | 01104cam a2200229 i 4500 | ||
|---|---|---|---|
| 999 |
_c7579 _d7579 |
||
| 003 | OSt | ||
| 005 | 20200316123325.0 | ||
| 008 | 170124s2017 enk b 001 0 eng | ||
| 020 | _a9781138204980 (hbk : alk. paper) | ||
| 050 | 0 | 0 |
_aTH7223 _b.C46 2017 |
| 082 | 0 | 0 |
_a697.001/515357 _223 _bCHE |
| 100 | 1 |
_aChen, Qingyan _c(Professor of mechanical engineering), _eauthor. |
|
| 245 | 1 | 0 |
_aInverse design methods for the built environment / _cQingyan Chen, Zhiqiang Zhai, Xueyi You and Tengfei Zhang. |
| 300 |
_axv, 248 pages ; _c26 cm |
||
| 504 | _aIncludes bibliographical references and index. | ||
| 505 | 0 | _aMethods for inverse/optimal design of an enclosed environment -- CFD-based genetic algorithm method -- CFD-based adjoint method -- CFD-based artificial neural network method -- CFD-based proper orthogonal decomposition method -- Enhancement of the inverse design methods. | |
| 650 | 0 |
_aBuildings _xEnvironmental engineering _xMathematics. |
|
| 650 | 0 |
_aVentilation _xMathematical models. |
|
| 650 | 0 | _aInverse relationships (Mathematics) | |
| 650 | 0 | _aComputational fluid dynamics. | |
| 942 | _2ddc | ||